Integriti politik di Malaysia : (Record no. 690)
[ view plain ]
| 000 -LEADER | |
|---|---|
| fixed length control field | nam a22 a 4500 |
| 003 - CONTROL NUMBER IDENTIFIER | |
| control field | AKMAL |
| 005 - DATE AND TIME OF LATEST TRANSACTION | |
| control field | 20170504153839.0 |
| 008 - FIXED-LENGTH DATA ELEMENTS--GENERAL INFORMATION | |
| fixed length control field | 170504s2007 my | e | 001 0 may d |
| 020 ## - INTERNATIONAL STANDARD BOOK NUMBER | |
| International Standard Book Number | 9789834226664 (kkt.) |
| 040 ## - CATALOGING SOURCE | |
| Original cataloging agency | AKMAL |
| 082 04 - DEWEY DECIMAL CLASSIFICATION NUMBER | |
| Classification number | 172.09595 INT |
| Edition number | 22 |
| 090 00 - LOCALLY ASSIGNED LC-TYPE CALL NUMBER (OCLC); LOCAL CALL NUMBER (RLIN) | |
| Classification number (OCLC) (R) ; Classification number, CALL (RLIN) (NR) | 172.09595 |
| Local cutter number (OCLC) ; Book number/undivided call number, CALL (RLIN) | INT |
| 245 00 - TITLE STATEMENT | |
| Title | Integriti politik di Malaysia : |
| Remainder of title | ke arah kefahaman yang lebih sempurna / |
| Statement of responsibility, etc. | editor Anis Yusal Yusoff, Mohd Rais Ramli, Zubayry Abady Sofian |
| 260 ## - PUBLICATION, DISTRIBUTION, ETC. | |
| Place of publication, distribution, etc. | Kuala Lumpur : |
| Name of publisher, distributor, etc. | Institut Integriti Malaysia, |
| Date of publication, distribution, etc. | 2007 |
| 300 ## - PHYSICAL DESCRIPTION | |
| Extent | 242ms. ; |
| Dimensions | 22cm. |
| 500 ## - GENERAL NOTE | |
| General note | Mengandungi indeks |
| 650 10 - SUBJECT ADDED ENTRY--TOPICAL TERM | |
| Topical term or geographic name entry element | Political ethics |
| Geographic subdivision | Malaysia |
| 9 (RLIN) | 506 |
| 650 20 - SUBJECT ADDED ENTRY--TOPICAL TERM | |
| Topical term or geographic name entry element | Leadership |
| Geographic subdivision | Malaysia |
| 9 (RLIN) | 40 |
| 650 20 - SUBJECT ADDED ENTRY--TOPICAL TERM | |
| Topical term or geographic name entry element | Integrity |
| 9 (RLIN) | 471 |
| 700 0# - ADDED ENTRY--PERSONAL NAME | |
| Personal name | Anis Yusal Yusoff, |
| Dates associated with a name | 1967- |
| 9 (RLIN) | 474 |
| 700 0# - ADDED ENTRY--PERSONAL NAME | |
| Personal name | Mohd Rais Ramli |
| 9 (RLIN) | 1479 |
| 700 0# - ADDED ENTRY--PERSONAL NAME | |
| Personal name | Zubayry Abady Sofian |
| 9 (RLIN) | 1480 |
| 942 ## - ADDED ENTRY ELEMENTS (KOHA) | |
| Source of classification or shelving scheme | |
| Koha item type | Book |
| Withdrawn status | Lost status | Source of classification or shelving scheme | Damaged status | Not for loan | Collection code | Home library | Current library | Shelving location | Date acquired | Inventory number | Total Checkouts | Full call number | Barcode | Date last seen | Price effective from | Koha item type |
|---|---|---|---|---|---|---|---|---|---|---|---|---|---|---|---|---|
| NON-FICTION | AKMAL Melaka | AKMAL Melaka | PINJAMAN | 04.05.2017 | 100579 | 172.09595 INT | 201701683 | 04.05.2017 | 04.05.2017 | Book | ||||||
| NON-FICTION | AKMAL Melaka | AKMAL Melaka | PINJAMAN | 04.05.2017 | 100580 | 172.09595 INT | 201701682 | 04.05.2017 | 04.05.2017 | Book |
